Παγκόσμια ανισότητα : η οικονομική ανισότητα στην εποχή της παγκοσμιοποίησης
Αποθηκεύτηκε σε:
| Κύριος συγγραφέας: | |
|---|---|
| Άλλοι συγγραφείς: | |
| Μορφή: | Βιβλίο |
| Γλώσσα: | Greek English |
| Δημοσίευση: |
Ηράκλειο :
Πανεπιστημιακές Εκδόσεις Κρήτης,
2019.
|
| Σειρά: | Οικονομία - Επίκαιρα θέματα
|
| Θέματα: | |
| Ετικέτες: |
Προσθήκη ετικέτας
Δεν υπάρχουν, Καταχωρήστε ετικέτα πρώτοι!
|
MARC
| LEADER | 00000cam a2200000 a 4500 | ||
|---|---|---|---|
| 001 | 1/123746 | ||
| 008 | 211018s2019####gr d ||| |||| ||gre|| | ||
| 020 | |a 9789605245351 | ||
| 040 | |a GR-MyUa |b gre |c GR-MyUa |e AACR2 | ||
| 041 | 1 | |b gre |h eng | |
| 082 | 7 | |a 337 |2 (23) | |
| 100 | 1 | |a Milanovic, Branko. | |
| 245 | 1 | 0 | |a Παγκόσμια ανισότητα : |b η οικονομική ανισότητα στην εποχή της παγκοσμιοποίησης / |c Branko Milanovic ; μετάφραση Νίκος Ρούσσος. |
| 260 | |a Ηράκλειο : |b Πανεπιστημιακές Εκδόσεις Κρήτης, |c 2019. | ||
| 300 | |a 264 σ. : |b πιν. ; |c 24 εκ. | ||
| 490 | 1 | |a (Οικονομία / Επίκαιρα θέματα) | |
| 500 | |a Τίτλος πρωτοτύπου : Global inequality : a new approach for the Age of Globalization. | ||
| 504 | |a Περιλαμβάνει βιβλιογραφικές παραπομπές και ευρετήριο. | ||
| 650 | 0 | |a International economic relations. | |
| 650 | 0 | |a Equality. | |
| 700 | 1 | |a Ρούσσος, Νίκος, |d 1966- |e trl | |
| 830 | 0 | |a Οικονομία - Επίκαιρα θέματα | |
| 852 | |a INST |b LESVOS |e 20211018 |h 337 MIL |p 005100063865 |q 005100063865 |t BK |y 0 | ||
| 970 | |a Καμάτσου |b Δέσποινα |z 18-10-2021 | ||